000 00651nam a2200265Ia 4500
003 OSt
005 20221006142445.0
006 a|||||r|||| 00| 0
007 ta
008 221006b |||||||| |||| 00| 0 eng d
020 _c20.00
024 _a6,392
037 _cTextual
040 _aEASL
_cEASL
_beng
041 _2eng
_aeng
082 _aY.41.N1, F7
100 _aMONROE Paul
_9139532
245 0 _aChina
_b A nation in evolution
260 _aNew York
_bMacmillan
_c1928
300 _a445p.
_ccm.
490 _v CEL
650 _aCEL
942 _hY.41.N1, F7
_cTEXL
_2CC
999 _c1074478
_d1074478